Historia - prawda czy fałsz #4 - Statystyki

Ogólne statystyki
  • Ten quiz został rozwiązany 2 131 razy
  • Średni wynik to 11 z 15
Statystyki odpowiedzi
Zagadnienie Odpowiedź % Poprawnych
Albert Einstein wynalazł bombę atomową Fałsz
85%
W pewnym momencie Imperium Mongolskie podbiło Chiny Prawda
82%
Ostatecznie chrześcijaństwo zastąpiło pogaństwo jako główna religia Imperium Rzymskiego Prawda
81%
Rok przestępny został zniesiony w 1916 roku z powodu I wojny światowej Fałsz
80%
Buddyzm narodził się na subkontynencie indyjskim Prawda
79%
Saksofon był popularnym instrumentem muzycznym w Europie w średniowieczu Fałsz
78%
Nikt nie zachorował na dżumę od ponad 500 lat Fałsz
77%
Karol Darwin napisał „O powstawaniu gatunków” Prawda
77%
Karol Marks urodził się na terenie dzisiejszych Niemiec Prawda
76%
Populacja Nowego Świata znacznie spadła w ciągu 100 lat po przybyciu tam Kolumba Prawda
67%
Pierwszym Marszałkiem Polski był Edward Śmigły-Rydz Fałsz
65%
Najwyższy rangą przywódca Republiki Rzymskiej nazywany był pretorem, co po łacinie oznacza prezydenta. Fałsz
63%
Królowa Wiktoria nie miała dzieci i uważano, że zmarła jako dziewica Fałsz
59%
Dingo zostały sprowadzone do Australii przez Europejczyków pod koniec XIX wieku Fałsz
58%
Pierwsza krucjata osiągnęła swój cel, jakim było zdobycie Jerozolimy Prawda
50%
Nie znaleziono quizów pasujących do podanych kryteriów
Rozkład punktacji
Procent ludzi z każdym wynikiem
Percentyl według liczby udzielonych odpowiedzi
Twoja historia wyników
Nie rozwiązałeś tego quizu